000 00718nam a22002297a 4500
003 OSt
005 20251010030355.0
008 251010b |||||||| |||| 00| 0 eng d
020 _a9786218179899
040 _aDWCL-Main lib
_cOC
082 _aFil. 647.9409 F815h 2021
100 _aFrancia, Irene B.
245 _aHousekeeping Operation/
_cIrene B. Francia
260 _aManila, Philippines :
_b EDRIC Publishing House.
_cc2021.
300 _a95 pages :
_billustrations ;
_c25cm
504 _aIncludes bibliographical references
650 _a1. Cleaning
650 _a2. House cleaning
650 _a3. Household sanitation
650 _a4. Housekeeping-- management
942 _2ddc
_cBK - FIL
_kFil.
_n0
999 _c4810
_d4810